书目信息 |
| 题名: |
中国历代状元 下
|
|
| 作者: | 曹济平 主编 | |
| 分册: | ||
| 出版信息: | 郑州 河南人民出版社 |
|
| 页数: | 470页 | |
| 开本: | 32开 | |
| 丛书名: | ||
| 单 册: | ||
| 中图分类: | K828.9 | |
| 科图分类: | ||
| 主题词: | 人物--传记--中国 | |
| 电子资源: | ||
| ISBN: | 7-215-02118-1 | |
| 000 | 00556nam0 2200193 45 | |
| 001 | 0007251001 | |
| 005 | 20000725163124.0 | |
| 010 | @a7-215-02118-1@d17.00元 | |
| 100 | @a20000725d km y0chiy0120 ea | |
| 101 | 0 | @achi |
| 105 | @a z 000yy | |
| 200 | 1 | @a中国历代状元 下@AZhong Guo Li Dai Zhuang Yuan Xia@f曹济平主编@FCao Ji Ping Zhu Bian |
| 210 | @a郑州@c河南人民出版社 | |
| 215 | @a470页@d32开 | |
| 606 | 0 | @a人物@x传记@x中国 |
| 690 | @aK828.9@v3 | |
| 701 | 0 | @a曹济平@4主编 |
| 801 | @aCN@bPftUser@c20000725 | |
| 905 | @b77227-231@dK828.9@eC685:2@f5 | |
| 中国历代状元 下/曹济平主编.-郑州:河南人民出版社 |
| 470页;32开 |
| ISBN 7-215-02118-1:17.00元 |
| ● |
| 相关链接 |
|
|
|
正题名:中国历代状元下
索取号:K828.9/C685:2
 
预约/预借
| 序号 | 登录号 | 条形码 | 馆藏地/架位号 | 状态 | 备注 |
| 1 | 77227 | 200772271 | 自科二线404/309社科库 60排4列2层/ [索取号:K828.9/C685:2] | 在馆 | |
| 2 | 77228 | 200772280 | 社科库309/ [索取号:K828.9/C685:2] | 在馆 | |
| 3 | 77229 | 200772299 | 自科二线404/400A自科库 13排1列4层/ [索取号:K828.9/C685:2] | 在馆 | |
| 4 | 77230 | 200772306 | 自科二线404/400A自科库 13排1列4层/ [索取号:K828.9/C685:2] | 在馆 | |
| 5 | 77231 | 200772315 | 自科二线404/400A自科库 13排1列4层/ [索取号:K828.9/C685:2] | 在馆 |